Statistiques concernant Capitales mondiales

Cliquez ici pour prendre le quiz!

Statistiques générales

  • Ce quiz a été pris 52 fois
  • Le résultat moyen est 150 sur 196

Statistiques - réponses

Réponse% Correct
Amsterdam
100%
Athènes
100%
Helsinki
100%
Londres
100%
Andorre-la-Vieille
98%
Paris
98%
Brasilia
96%
Bruxelles
96%
Budapest
96%
Dublin
96%
La Paz
96%
La Valette
96%
Lisbonne
96%
Madrid
96%
Riga
96%
Stockholm
96%
Berlin
93%
Bucarest
93%
Le Caire
93%
Luxembourg
93%
Oslo
93%
Ottawa
93%
Pékin
93%
Reykjavik
93%
Vienne
93%
Alger
91%
Canberra
91%
Lima
91%
Mexico
91%
Moscou
91%
Rome
91%
Vaduz
91%
Vilnius
91%
Ankara
89%
Copenhague
89%
La Havane
89%
Montevideo
89%
Santiago
89%
Séoul
89%
Sofia
89%
Tunis
89%
Vatican
89%
Washington
89%
Bagdad
87%
Berne
87%
Bogotá
87%
Bratislava
87%
Buenos Aires
87%
Caracas
87%
Kiev
87%
Monaco
87%
Pretoria
87%
Quito
87%
Rabat
87%
Saint-Marin
87%
Zagreb
87%
Accra
85%
Asunción
85%
Dakar
85%
Jakarta
85%
Minsk
85%
Nicosie
85%
Pyongyang
85%
Skopje
85%
Tallinn
85%
Tokyo
85%
Varsovie
85%
Addis-Abeba
83%
Antananarivo
83%
Bamako
83%
Guatemala
83%
Prague
83%
Sarajevo
83%
Astana
80%
Bangkok
80%
Belgrade
80%
Kingston
80%
Libreville
80%
Ljubljana
80%
New Delhi
80%
Ouagadougou
80%
Panama
80%
Podgorica
80%
Pristina
80%
Tbilissi
80%
Téhéran
80%
Tirana
80%
Abou Dabi
78%
Damas
78%
Djibouti
78%
Erevan
78%
Hanoï
78%
Jérusalem
78%
Khartoum
78%
Kinshasa
78%
Lomé
78%
Nairobi
78%
Port-au-Prince
78%
Riyad
78%
San José
78%
Tripoli
78%
Wellington
78%
Amman
76%
Beyrouth
76%
Brazzaville
76%
Chișinău
76%
Doha
76%
Kaboul
76%
Kuala Lumpur
76%
Manille
76%
Paramaribo
76%
Singapour
76%
Katmandou
74%
Kigali
74%
Maputo
74%
Mogadiscio
74%
Port Moresby
74%
Porto-Novo
74%
Taipei
74%
Vientiane
74%
Yamoussoukro
74%
Bissau
72%
Conakry
72%
Freetown
72%
Harare
72%
Islamabad
72%
Luanda
72%
Mbabane
72%
Niamey
72%
Oulan-Bator
72%
Port-Louis
72%
Saint-Domingue
72%
Sanaa
72%
San Salvador
72%
Tegucigalpa
72%
Yaoundé
72%
Belmopan
70%
Georgetown
70%
Kingstown
70%
Koweït
70%
Nassau
70%
Port-d'Espagne
70%
Abuja
67%
Bakou
67%
Bangui
67%
Bichkek
67%
Dacca
67%
Mascate
67%
Ndjamena
67%
Praia
67%
Victoria
67%
Achgabat
65%
Castries
65%
Dili
65%
Dodoma
65%
Kampala
65%
Managua
65%
Manama
65%
Nouakchott
65%
Roseau
65%
Sao Tomé
65%
Windhoek
65%
Apia
63%
Asmara
63%
Moroni
63%
Phnom Penh
63%
Port-Vila
63%
Tachkent
63%
Gaborone
61%
Lilongwe
61%
Lusaka
61%
Malé
61%
Maseru
61%
Bridgetown
59%
Saint John's
59%
Suva
59%
Banjul
57%
Djouba
57%
Basseterre
54%
Bujumbura
54%
Honiara
54%
Malabo
54%
Bandar Seri
Begawan
52%
Douchanbé
52%
Saint George's
52%
Yaren
52%
Funafuti
50%
Nukuʻalofa
50%
Palikir
50%
Thimphou
50%
Colombo
48%
Monrovia
48%
Naypyidaw
46%
Majuro
43%
Ngerulmud
43%
Tarawa-Sud
43%

Distribution des résultats

Percentile par nombre de réponses

% des personnes avec chaque résultat

Votre développement - résultats

Vous n’avez pas pris ce quiz